00517nam a2200169Ia 4500003000400000008004100004040001600045082001800061100006500079245006500144700003200209300001100241490001600252650002800268650001500296650003600311GCL140319s9999 xx 000 0 ara d aGCL / cGCL04a813.03bع ح1 aعبدالفتاح مرادvReviewer@مراجع10aعلى حافة النهار / cعبدالفتاح مراد1 aعبدالفتاح مرسى a132 ص aكتابv004aالادب العربى04aالادب04aالقصص الاجتماعية